| 000 | 00897nam a2200265 i 4500 | ||
|---|---|---|---|
| 001 | 18489 | ||
| 003 | ES-MaACL | ||
| 005 | 20230906151840.0 | ||
| 007 | t| | ||
| 008 | 020110s2001 sp ac d ||||1| spa d | ||
| 020 | _a84-85950-53-4 | ||
| 080 | _a016:82 | ||
| 080 | _a929:82 | ||
| 245 | 0 | 0 |
_aDiccionario de autores de todos los tiempos y de todos los países. _pApéndice. |
| 246 | 3 | _aBompiani | |
| 260 |
_aBarcelona : _bHora, _c2001. |
||
| 300 |
_a2 v. : _bil. ; _c23 cm. |
||
| 500 | _aActualiza la 1ª ed. española del Diccionario biográfico de autores Bompiani, publ. en 1963 por la ed. Montaner & Simón. | ||
| 505 | 8 | _aContiene: 1. A-LL - 2. M-Z | |
| 594 | _aPrecede al tít.: Bompiani. | ||
| 650 | 4 |
_aLiteratura- _xBiobibliografías. _914482 |
|
| 650 | 4 |
_aLiteratura- _vDiccionarios. _914484 |
|
| 710 | 2 |
_aCasa editrice Valentino Bompiani. _92481 |
|
| 852 | 4 |
_aES-MaACL _jL-25027-28 |
|
| 999 |
_c18489 _d18489 |
||